| 000 | 00817nam a22001577a 4500 | ||
|---|---|---|---|
| 003 | OSt | ||
| 005 | 20150920100325.0 | ||
| 008 | 150920b xxu||||| |||| 00| 0 eng d | ||
| 040 | _cRUA | ||
| 082 | _aAGR SO 2008 B038 Or.1 | ||
| 100 |
_9913 _aSO, SAODY. |
||
| 245 | _aThe study on farmer's adoption of techniquces of ecological system of rice intensification សិក្សាពីការទទួលយករបស់កសិករលើបច្ចេកទេសនៃប្រព័ន្ធប្រពលវប្បកម្មដំណាំស្រូវតាមគោលការណ៍ធម្មជាតិ ករណីសិក្សាស្រុកត្រាំកក់ខេត្តតាកែវ | ||
| 260 |
_aPhnom Penh _bRUA _c2008 |
||
| 300 |
_aviii; 45p. _bill. _c29cm. |
||
| 942 |
_2ddc _cAGR |
||
| 999 |
_c881 _d881 |
||